Success 2020 : success mantras to achieve your goals

Bibliographic Details
Main Author: Radhakrishnamurthy, Kantamneni
Format: Book
Published: New Delhi : V&S Publishers , 2015
Subjects:

MARC

LEADER 00000cam a2200000 7i4500
001 0000047571
005 20150519.0
008 150519
020 |a 9350570270 
020 |a 9789350570272 
090 0 0 |a 158.1   |b RAD 
100 1 |a Radhakrishnamurthy, Kantamneni 
245 1 0 |a Success 2020 :   |b success mantras to achieve your goals   |c Kantamneni Radhakrishnamurthy 
260 |a New Delhi :   |b V&S Publishers ,   |c 2015 
650 0 |a Management psychological aspects 
650 0 |a Success psychological aspects 
999 |a 0001350755   |b Book   |c Adult Collection   |e Cawangan Bandar Penawar 
999 |a 0001350757   |b Book   |c Adult Collection   |e Cawangan Tangkak 
999 |a 0001350758   |b Book   |c Adult Collection   |e Cawangan Bukit Gambir 
999 |a 0001350759   |b Book   |c Adult Collection   |e Cawangan Batu Pahat 
999 |a 0001350760   |b Book   |c Adult Collection   |e Cawangan Pontian 
999 |a 0001350761   |b Book   |c Adult Collection   |e Cawangan Sri Merlong 
999 |a 0001350762   |b Book   |c Adult Collection   |e Cawangan Taman Sri Lambak 
999 |a 0001350763   |b Book   |c Adult Collection   |e Cawangan Tmn. Ungku Tun Aminah 
999 |a 0001350764   |b Book   |c Adult Collection   |e Cawangan Mersing 
999 |a 0001350765   |b Book   |c Adult Collection   |e Cawangan Kota Tinggi 
999 |a 0001350766   |b Book   |c Adult Collection   |e Cawangan Segamat 
999 |a 0001350767   |b Book   |c Adult Collection   |e Cawangan Bandar Tenggara 
999 |a 0001351697   |b Book   |c Adult Collection   |e Perbadanan Perpustakaan Awam Johor 
999 |a 0001351698   |b Book   |c Adult Collection   |e Cawangan Urban Transformation Centre